000 00347pam a2200157a 44500
008 230515b2007 xxu||||| |||| 00| 0 eng d
020 _aNULL
041 _aENGLISH
082 _a0
100 _aAXELSON JAN
245 _aSERIAL PORT COMPLETE
250 _a0
260 _a
_bPENRAM INTEMATIONAL INDIA
_c2007
300 _a287
650 _aNULL
999 _c590959
_d590959